Flag
| Main Author: | |
|---|---|
| Format: | Book |
| Published: |
London :
Dorling Kindersley ,
1990
|
| Series: | Eyewitness guides
|
| Subjects: |
MARC
| LEADER | 00000cam a2200000 7i4500 | ||
|---|---|---|---|
| 001 | 0000005761 | ||
| 005 | 20131024.0 | ||
| 020 | |a 0863183700 | ||
| 090 | 0 | 0 | |a 001 |b EYE |
| 100 | 1 | |a Crampton, William | |
| 245 | 1 | 0 | |a Flag |c William Crampton |
| 260 | |a London : |b Dorling Kindersley , |c 1990 | ||
| 300 | |a 64p. : |b ill. ; |c 27cm. | ||
| 490 | 0 | |a Eyewitness guides | |
| 650 | 0 | 0 | |a Dictionaries and encyclopedias |
| 650 | 0 | 0 | |a Flags |
| 999 | |a 031075 |b BUKU |c RUJUKAN |e PERPUSTAKAAN KOMUNITI PETALING JAYA | ||